000 00507nam a2200193Ia 4500
005 20250326143509.0
008 250326s9999 xx 000 0 und d
037 _aTextbook
040 _aFMSL
_beng
_cFMSL
041 _aeng
_2eng
084 _aX:8y7 P2
_qFMSL
100 _aSeitel F P
_9748099
245 0 _aPractice of public relations
_cSeitel F P
250 _a8
260 _aN
_bN, J Pearson Education
_c2003
300 _a534p
942 _cTB
_hX:8y7 P2
999 _c1299817
_d1299817